| 000 | 00000nam##2200000za#4500 |
| 001 | 9.641937 |
| 003 | CaOODSP |
| 005 | 20210624223445 |
| 007 | cr ||||||||||| |
| 008 | 150407|2002||||xxc|||||o f|0| 0 fre|d |
| 040 | |aCaOODSP|bfre |
| 043 | |an-cn--- |
| 086 | 1 |aEn4-171/2002F-PDF |
| 110 | 1 |aCanada. |bEnvironnement Canada. |bDirection générale de la vérification et de l'évaluation. |
| 245 | 10|aSuivi de la vérification de la gestion financière - Région de l'Ontario |h[ressource électronique] |
| 260 | |aGatineau - Québec : |bEnvironnement Canada. |cJuin 2002. |
| 300 | |a11p.|btableaux |
| 590 | |a13-14-Supp|b2013-05-30 |
| 775 | 08|tFollow-up of the financial management audit - Ontario Region |w(CaOODSP)9.697945 |
| 856 | 40|ahttp://publications.gc.ca|qPDF|s38 Ko|uhttps://publications.gc.ca/collections/collection_2013/ec/En4-171-2002-fra.pdf |